[Event "EU-ch Online U2300 Qual"]
[Site "Chess.com INT"]
[Date "2020.05.25"]
[Round "7"]
[White "Marchenko, Anton"]
[Black "Kopsa, Petri"]
[Result "1-0"]
[WhiteElo "2103"]
[BlackElo "2048"]
[PlyCount "49"]
[EventDate "2020.05.25"]
[EventType "swiss"]
[EventRounds "8"]
[EventCountry "NET"]
[SourceTitle "EXT 2021"]
[Source "ChessBase"]
[SourceDate "2020.10.23"]
[SourceVersion "1"]
[SourceVersionDate "2020.10.23"]
[SourceQuality "1"]

1. e4 c5 2. Nf3 d6 3. d4 cxd4 4. Nxd4 Nf6 5. Nc3 a6 6. Bg5 e6 7. f4 Nbd7 8. Qf3 h6 9. Bh4 g5 10. fxg5 Nh7 11. 0-0-0 Ne5 12. Qe3 hxg5 13. Bg3 Bd7 14. Be2 Nf6 15. Kb1 Nh5 16. Bxe5 dxe5 17. Nxe6 fxe6 18. Qh3 Qe7 19. Bxh5+ Kd8 20. Rhf1 Rh7 21. Na4 Kc7 22. Qc3+ Kb8 23. Rxd7 Qxd7 24. Rxf8+ Ka7 25. Qc5+ 1-0

[Event "WchT Seniors 50"]
[Site "Prague"]
[Date "2020.03.08"]
[Round "3.17"]
[White "Paldus, Petr"]
[Black "Kopsa, Petri"]
[Result "1-0"]
[WhiteElo "2008"]
[BlackElo "2085"]
[PlyCount "121"]
[EventDate "2020.03.06"]
[EventType "team-swiss"]
[EventRounds "7"]
[EventCountry "CZE"]
[SourceTitle "CBM 195 Extra"]
[Source "ChessBase"]
[SourceDate "2020.05.31"]
[SourceVersion "1"]
[SourceVersionDate "2020.05.31"]
[SourceQuality "1"]
[WhiteTeam "Czech Republic 50 IX"]
[BlackTeam "Finland 50"]
[WhiteTeamCountry "CZE"]
[BlackTeamCountry "FIN"]

1. e4 e6 2. d4 d5 3. exd5 exd5 4. Nf3 Nc6 5. Bd3 Bd6 6. 0-0 Nge7 7. c3 h6 8. Re1 0-0 9. Nbd2 Bf5 10. Nf1 Re8 11. Ng3 Bxd3 12. Qxd3 Qd7 13. Bd2 Qg4 14. Ne5 Bxe5 15. dxe5 Ng6 16. h3 Ngxe5 17. Qxd5 Qg6 18. Qe4 Qxe4 19. Rxe4 Nd3 20. Rxe8+ Rxe8 21. b3 Rd8 22. Be3 Nb2 23. Kf1 Nd1 24. Bd4 Nxd4 25. Rxd1 Ne6 26. Rxd8+ Nxd8 27. Nf5 Ne6 28. Ke2 Nf4+ 29. Kf3 Nd3 30. Ke3 Nc5 31. g4 Kf8 32. f4 Ne6 33. Nd4 Ke7 34. h4 Nxd4 35. Kxd4 Kd6 36. b4 f6 37. c4 g5 38. c5+ Ke6 39. hxg5 hxg5 40. fxg5 fxg5 41. a4 a6 42. c6 b5 43. axb5 axb5 44. Ke4 Kd6 45. Kf5 Kxc6 46. Kxg5 Kd5 47. Kf6 c5 48. g5 cxb4 49. g6 b3 50. g7 Kd4 51. g8Q Kc3 52. Qc8+ Kb2 53. Qc5 Ka2 54. Qxb5 b2 55. Qa4+ Kb1 56. Ke5 Kc1 57. Qc4+ Kd2 58. Qb3 Kc1 59. Qc3+ Kb1 60. Kd4 Ka2 61. Qc2 1-0

[Event "FIN-chT2 Gp1 1718"]
[Site "Finland"]
[Date "2018.01.13"]
[Round "5.2"]
[White "Pasanen, Tuomo Tapio"]
[Black "Kopsa, Petri"]
[Result "0-1"]
[WhiteElo "2029"]
[BlackElo "2018"]
[PlyCount "71"]
[EventDate "2017.09.16"]
[EventType "team-tourn"]
[EventRounds "7"]
[EventCountry "FIN"]
[SourceTitle "EXT 2020"]
[Source "ChessBase"]
[SourceDate "2019.10.17"]
[SourceVersion "1"]
[SourceVersionDate "2019.10.17"]
[SourceQuality "1"]
[WhiteTeam "Helsinki HSK"]
[BlackTeam "Helsinki HSK III"]
[WhiteTeamCountry "FIN"]
[BlackTeamCountry "FIN"]

1. d4 d5 2. g3 Nf6 3. Bg2 e6 4. Nf3 Be7 5. c4 0-0 6. 0-0 c6 7. Ne5 b6 8. cxd5 cxd5 9. Nc3 Bb7 10. Bf4 a6 11. Rc1 Nbd7 12. Qb3 Rc8 13. Na4 b5 14. Nd3 Rc4 15. Nac5 Bc8 16. e3 Qb6 17. Nxd7 Nxd7 18. g4 Bb7 19. a3 Rfc8 20. Rcd1 a5 21. Rd2 Ba6 22. Re1 Nf6 23. Ne5 Rc1 24. Rxc1 Rxc1+ 25. Rd1 a4 26. Qd3 b4 27. Qd2 Rxd1+ 28. Qxd1 bxa3 29. bxa3 Qb3 30. Bf3 Bxa3 31. g5 Ne4 32. Nd7 Nc3 33. Qa1 Qb2 34. Qe1 Bb4 35. Kg2 a3 36. Qg1 0-1

[Event "GER CM03-A email"]
[Site "GER email"]
[Date "2016.06.26"]
[Round "?"]
[White "Pravec, Ladislav"]
[Black "Kopsa, Petri"]
[Result "1-0"]
[WhiteElo "2376"]
[BlackElo "2372"]
[PlyCount "39"]
[EventDate "2016.??.??"]
[EventType "tourn (corr)"]
[EventRounds "13"]
[EventCountry "GER"]
[SourceTitle "Corr 2017"]
[Source "ChessBase"]
[SourceDate "2017.09.19"]
[SourceVersion "1"]
[SourceVersionDate "2017.09.19"]
[SourceQuality "1"]

1. d4 g6 2. c4 Nf6 3. Nc3 Bg7 4. e4 d6 5. Be2 0-0 6. Nf3 e5 7. 0-0 Nc6 8. d5 Ne7 9. Ne1 Nd7 10. Nd3 f5 11. Bd2 Nf6 12. f3 f4 13. c5 g5 14. cxd6 cxd6 15. Rc1 Ng6 16. Nb5 Rf7 17. Qc2 Ne8 18. a4 h5 19. Nf2 Bf8 20. Qb3 1-0